000 00803nam a2200205Ii 4500
003 JO-AjNU
008 230605s9999||||xx |||||||||||||| ||und||
040 _aJO-AjNU
_bara
_erda
_cJO-AjNU
041 _aara
050 1 4 _aHF 5625 2009
100 3 _a تأليف: Belkaoui- Ahmed Riahi؛تعريب:رياض العبدالله؛ مراجعة:طلال الججاوي ,
_eauthor
_928736
245 0 0 _aنظرية محاسبية=Accounting Theory1
250 _aط العربية
264 3 1 _aعمان: دار اليازوري العلمية للنشر والتوزيع2009
300 _a462ص
_bيحتوي على ببلوغرافية من ص439-462ص
336 _atext
_btxt
_2rdacontent
337 _aunmediated
_bn
_2rdamedia
338 _avolume
_bnc
_2rdacarrier
650 4 _aالمحاسبة
_928737
999 _aA11182
_c14750
_d14750